Phương pháp luận nghiên cứu khoa học

Sách cung cấp các thông tin về phương pháp luận nghiên cứu khoa học bao gồm đại cương về nghiên cứu khoa học, lý thuyết khoa học, lựa chọn và đặt tên đề tài, xây dựng luận điểm khoa học, chứng minh luận điểm khoa học, trình bày luận điểm...

詳細記述

保存先:
書誌詳細
第一著者: Vũ, Cao Đàm
フォーマット: 図書
言語:Undetermined
出版事項: Hà Nội Khoa học và Kỹ thuật 2006
主題:
タグ: タグ追加
タグなし, このレコードへの初めてのタグを付けませんか!
Thư viện lưu trữ: Trung tâm Học liệu Trường Đại học Cần Thơ
LEADER 01427nam a2200241Ia 4500
001 CTU_102439
008 210402s9999 xx 000 0 und d
020 |c 23000 
082 |a 001.42 
082 |b Đ104 
100 |a Vũ, Cao Đàm 
245 0 |a Phương pháp luận nghiên cứu khoa học 
245 0 |c Vũ Cao Đàm 
260 |a Hà Nội 
260 |b Khoa học và Kỹ thuật 
260 |c 2006 
520 |a Sách cung cấp các thông tin về phương pháp luận nghiên cứu khoa học bao gồm đại cương về nghiên cứu khoa học, lý thuyết khoa học, lựa chọn và đặt tên đề tài, xây dựng luận điểm khoa học, chứng minh luận điểm khoa học, trình bày luận điểm khoa học và tổ chức thực hiện đề tài. 
526 |a Phần mềm toán học,Môi trường và sự phát triển đô thị,Phương pháp luận nghiên cứu toán học,Triết học,Phương pháp nghiên cứu,Triết học,Phương pháp luận nghiên cứu Toán học,Phần mềm toán học 
526 |b XH743,XH753,XH745,XH746,XH752,ML605,TNT620,TNT601 
650 |a Science 
650 |x Methodology 
904 |i Tuyến, Huỳnh Mai, Kiều Nguyên 
980 |a Trung tâm Học liệu Trường Đại học Cần Thơ